Bezirke Bayerns mit Karte - Statistiken

Allgemein
  • Dieses Quiz wurde 1.041 mal gespielt
  • Das Durchschnittsergebnis liegt bei 6 aus 7
Antworten auf der Karte
Die Antworten werden auf der Karte rot bzw. grün angezeigt, abhängig davon wie oft sie richtig erraten wurden.
 
Antwortstatistiken
Wappen Fläche Bezirk % Korrekt
17.529 Oberbayern
94%
7.231 Oberfranken
91%
10.325 Niederbayern
89%
8.530 Unterfranken
87%
9.992 Schwaben
83%
7.243 Mittelfranken
78%
9.691 Oberpfalz
71%
Keine übereinstimmenden Quizze gefunden
Verteilung der Resultate
Anzahl Personen mit jedem Resultat
Perzentil nach korrekt beantworteten Fragen
Ihre Resultats-Entwicklung
Sie haben dieses Quiz noch nicht gespielt